Evaluación de las condiciones de fermentación de una comunidad de microorganismos simbióticos para la elaboración de una bebida de kéfir de agua
Saved in:
| Main Author: | |
|---|---|
| Other Authors: | |
| Format: | Book |
| Language: | Spanish |
| Published: |
San José,[Costa Rica]
2023
|
| Tags: |
Add Tag
No Tags, Be the first to tag this record!
|
MARC
| LEADER | 00000nam a2200000Ia 4500 | ||
|---|---|---|---|
| 003 | 013759 | ||
| 005 | 20240105101511.0 | ||
| 008 | 140114s2023 cr a 000 ||spa d | ||
| 040 | |c cru CEDI | ||
| 100 | |a Rodríguez Steller, Beatriz , 1995- |9 2092 | ||
| 245 | |a Evaluación de las condiciones de fermentación de una comunidad de microorganismos simbióticos para la elaboración de una bebida de kéfir de agua | ||
| 260 | |a San José,[Costa Rica] |c 2023 | ||
| 500 | |a Proyecto de graduación (licenciatura en ingeniería química) --Universidad de Costa Rica. Facultad de Ingeniería. Escuela de Ingeniería Química | ||
| 501 | |a Directora de Proyecto de Graduación: Ing. Juliana Da Luz Castro, Licda. | ||
| 700 | |a Da Luz Castro, Juliana, 1990- |d Directora del TFG |9 5 | ||
| 942 | |c TFG |h TFG 8900 |i 013759 |6 TFG_8900_013759000000000 | ||
| 999 | |c 13007 |d 13007 | ||
